000 00372nam a2200133 a 4500
005 20140414131856.0
008 100828s19uu xx 00 eng d
050 _aFIL
_bP28 2007
100 _aVillanueva, Rene O.
245 _aSi Paula oink-oink.
260 _aManila, Philippines :
_bPhilippine Children's Television Foundation,
_c1995.
440 _a
999 _c110480
_d110480